සිංහල වැඩ පොත 11 කොටස : 1 ශ්‍රේණිය

Saved in:
Bibliographic Details
Main Author: ජයසේකර, එම්. රේණුකා
Format: Book
Language:Sinhalese
Published: නුගේගොඩ : සරසවි ප්‍රකාශකයෝ, 2019.
Tags: Add Tag
No Tags, Be the first to tag this record!

MARC

LEADER 00000nam a2200000 4500
003 LK-CoNLD
005 20200217101553.0
008 191127b ||||| |||| 00| 0 sin d
999 |c 230218  |d 230218 
015 |2 slnb 
942 |c BOOK 
017 |a 457912  |b LK-CoDNA 
020 |a 9789553115522 
040 |a LK-CoNLD  |b SIN  |c LK-CoNLD  |d LK-CoNLD 
082 |2 23  |q LK-CoNLD 
245 |a සිංහල වැඩ පොත 11 කොටස : 1 ශ්‍රේණිය  |c  / එම්. රේණුකා ජයසේකර. 
260 |9 251  |a නුගේගොඩ :  |b සරසවි ප්‍රකාශකයෝ,  |c 2019. 
300 |a පි. 94 : චිත්‍ර ;  |b කබැ-බෝක:  |c සෙමී. 24. 
100 |9 53708  |a ජයසේකර, එම්. රේණුකා